Spirit and symbol : the Japanese New Year /

Bibliographic Details
Other Authors: Brandon, Reiko Mochinaga, Stephan, Barbara B., Sumiko, Enbutsu, Reader, Ian
Format: Book
Language:English
Published: Honolulu, HI : Honolulu Academy of Arts in association with University of Hawaii Press, 1994.
Subjects:

MARC

Tag First Indicator Second Indicator Subfields
LEADER 00000cam a22000008a 4500
001 in00001203821
005 20151002074733.0
008 931018s1994 hiu bc 000 0 eng
010 |a  93041794  
020 |a 0937426245 
020 |a 0937426253 (pbk.) 
035 |a (OCoLC)29256999 
035 |9 AGP1634AM 
040 |a DLC  |c DLC  |d UIU  |d TXA  |d UtOrBLW 
043 |a a-ja--- 
049 |a TXAM 
050 0 0 |a GT4905  |b .S65 1994 
082 0 0 |a 394.2/614/0952  |2 20 
245 0 0 |a Spirit and symbol :  |b the Japanese New Year /  |c [by] Reiko Mochinaga Brandon & Barbara B. Stephan ; with essays by Enbutsu Sumiko & Ian Reader. 
264 1 |a Honolulu, HI :  |b Honolulu Academy of Arts in association with University of Hawaii Press,  |c 1994. 
300 |a 144 pages :  |b illustrations (some color) ;  |c 29 cm. 
336 |a text  |b txt  |2 rdacontent 
337 |a unmediated  |b n  |2 rdamedia 
338 |a volume  |b nc  |2 rdacarrier 
504 |a Includes bibliographical references and index. 
500 |a "Published on the occasion of the exhibition Spirit and Symbol: The Japanese New Year organized by the Honolulu Academy of Arts January 13-February 27, 1994"--title page verso. 
650 0 |a New Year  |z Japan  |x Exhibitions. 
651 0 |a Japan  |x Social life and customs  |x Exhibitions. 
700 1 |a Brandon, Reiko Mochinaga. 
700 1 |a Stephan, Barbara B. 
700 1 |a Sumiko, Enbutsu. 
700 1 |a Reader, Ian. 
740 0 |a Japanese New Year. 
999 |a MARS 
999 f f |s 857886f9-3bc6-3b8f-9ec7-1600fff720be  |i 35cfa1c7-0bd2-3dec-bacd-722ace74536b  |t 0 
952 f f |p normal  |a Texas A&M University  |b College Station  |c Sterling C. Evans Library  |d Evans: Library Stacks  |t 0  |e GT4905 .S65 1994  |h Library of Congress classification  |i unmediated -- volume  |m A14818748465 
998 f f |a GT4905 .S65 1994  |t 0  |l Evans: Library Stacks